Loading...
Jhutha sach: vatar aur desh /
| Other Authors: | |
|---|---|
| Format: | Printed Book |
| Published: |
Alahabad:
Lokbarati Prakasan,
2010.
|
| Subjects: |
| LEADER | 00475cam a2200145ua 4500 | ||
|---|---|---|---|
| 008 | 110506t2010||||||||||| 00 ||||| c | ||
| 082 | |a H891.433 |b YAS/J | ||
| 245 | 0 | 0 | |a Jhutha sach: vatar aur desh / |
| 260 | |a Alahabad: |b Lokbarati Prakasan, |c 2010. | ||
| 362 | 1 | |a 2010. | |
| 650 | 0 | |a Hindi fiction | |
| 700 | 0 | 2 | |a Yashpal, |
| 942 | |c BK | ||
| 999 | |c 25483 |d 25483 | ||
| 952 | |0 0 |1 0 |4 0 |6 H_891_433000000000000_YAS |7 0 |9 27135 |a KUCL |b KUCL |d 2014-05-23 |l 0 |o H891.433 YAS/ |p 26062 |r 2014-05-23 |w 2014-05-23 |y BK | ||